The modaraba law : (Record no. 613427)
[ view plain ]
| 000 -LEADER | |
|---|---|
| fixed length control field | 00357nam a22001337a 4500 |
| 082 ## - DEWEY DECIMAL CLASSIFICATION NUMBER | |
| Classification number | 346.06645 |
| Author Mark | WAD |
| 100 ## - MAIN ENTRY--PERSONAL NAME | |
| Personal name | Wadud, Q.A. |
| 245 ## - TITLE STATEMENT | |
| Title | The modaraba law : |
| Remainder of title | a marvel of the corporate concepts / |
| Statement of responsibility, etc. | Q.A. Wadud |
| 260 ## - PUBLICATION, DISTRIBUTION, ETC. | |
| Place of publication, distribution, etc. | Karachi : |
| Name of publisher, distributor, etc. | Royal Book Company |
| Date of publication, distribution, etc. | 1998. |
| 300 ## - PHYSICAL DESCRIPTION | |
| Extent | 161 p. |
| 563 ## - BINDING INFORMATION | |
| Binding note | HB. |
| 650 ## - SUBJECT ADDED ENTRY--TOPICAL TERM | |
| Topical term or geographic name entry element | Law |
| 942 ## - ADDED ENTRY ELEMENTS (KOHA) | |
| Source of classification or shelving scheme | |
| Koha item type | Book |
| 650 ## - SUBJECT ADDED ENTRY--TOPICAL TERM | |
| -- | 35302 |
| Withdrawn status | Lost status | Source of classification or shelving scheme | Damaged status | Not for loan | Permanent Location | Current Location | Date acquired | Total Checkouts | Full call number | Barcode | Date last seen | Price effective from | Koha item type | Source of acquisition |
|---|---|---|---|---|---|---|---|---|---|---|---|---|---|---|
| NUST Law School (NLS) | NUST Law School (NLS) | 03/19/2025 | 346.06645 WAD | NLS-1522 | 03/19/2025 | 03/19/2025 | Book | |||||||
| NUST Law School (NLS) | NUST Law School (NLS) | 06/26/2025 | 346.06645 WAD | NLS-2054 | 06/26/2025 | 06/26/2025 | Book | Pakistan Law House | ||||||
| NUST Law School (NLS) | NUST Law School (NLS) | 06/26/2025 | 346.06645 WAD | NLS-2055 | 06/26/2025 | 06/26/2025 | Book | Pakistan Law House | ||||||
| NUST Law School (NLS) | NUST Law School (NLS) | 06/26/2025 | 346.06645 WAD | NLS-2056 | 06/26/2025 | 06/26/2025 | Book | Pakistan Law House | ||||||
| NUST Law School (NLS) | NUST Law School (NLS) | 06/26/2025 | 346.06645 WAD | NLS-2057 | 06/26/2025 | 06/26/2025 | Book | Pakistan Law House |
